00611nam a2200121Ia 4500001000700000008004100007100003500048245016700083260003200250300001000282502007600292650012100368Z_4711220601s9999 xx 000 0 und d aLópez Hernández, Alejandro aEstudio del rendimiento y composición de la leche y su relación con la actividad reproductiva postparto en vacas lecheras / por Alejandro López Hernández aChapingo, Méx. : El autor a65 h. aTesis (Ing. Agr. Esp. en Zootecnia) -- UACH. Departamento de Zootecnia a1. Leche - Producción 2. Leche - Composición 3. Ganado lechero - Reproducción4. Ganado lechero - GenéticaÌ